| 000 | 00512nam a22001817a 4500 | ||
|---|---|---|---|
| 005 | 20231114071948.0 | ||
| 008 | 231114b |||||||| |||| 00| 0 eng d | ||
| 020 | _a9780409053081 | ||
| 041 | _aEnglish | ||
| 082 | _a345 SNY | ||
| 100 |
_aSnyman, CR _lEnglish |
||
| 245 |
_aCriminal Law / _cCR Snyman |
||
| 250 | _aSixth Edition | ||
| 260 |
_aDurban : _bLexisNexis (Pty) Ltd, _c2014 |
||
| 300 |
_bxii, 619 pages ; _c25 cm. |
||
| 650 |
_aLegal practice _bLaw |
||
| 942 |
_cBK _6ALISON_BN_VRIES |
||
| 999 |
_c601 _d601 |
||